| 000 | 00730nam a22002177a 4500 | ||
|---|---|---|---|
| 003 | OSt | ||
| 005 | 20250710053647.0 | ||
| 008 | 250710b |||||||| |||| 00| 0 eng d | ||
| 020 | _a978-1-4737-9128-2 | ||
| 040 |
_aDWC-Main Lib _cOC |
||
| 082 | _aCirc. 158 G622c 2024 | ||
| 100 | _aGoldtein, E. Bruce | ||
| 245 |
_aCognitive psychology/ _cBruce E. Goldtein & Johanna C. Van Hooff |
||
| 250 | _aThird edition | ||
| 260 |
_aUnited Kingdom: _bCengage Learning, Inc., _cc2024. |
||
| 300 |
_axx, 514 pages: _billustrations; _c26 cm. |
||
| 504 | _aIncludes glossary, bibliograhical references and index. | ||
| 650 | _a1. Cognitive psychology. | ||
| 700 | _aVan Hooff, Johanna C. | ||
| 942 |
_2ddc _cBK-CIRC _kCirc. _n0 _eThird edition |
||
| 999 |
_c3577 _d3577 |
||